| 000 | 00369nam a22001457a 4500 | ||
|---|---|---|---|
| 008 | 210308b ||||| |||| 00| 0 eng d | ||
| 020 | _a1563720779 | ||
| 041 | _aeng | ||
| 080 | _a617 | ||
| 082 | _a617 | ||
| 100 | _a8 | ||
| 101 | _aORT | ||
| 245 |
_aMusculoskeletal Disorders : A Practical Guide for Diagnosos and Rehabilitation _cBuschbacher,M.R |
||
| 942 |
_2udc _cBK |
||
| 999 |
_c55958 _d55958 |
||